000
00317nam a2200145Ia 4500
008
240112s2016 xx 000 0 und d
022
_a
9405429
041
_a
eng
082
_a
612
100
_a
PORTA M.
245
_a
ACTA DIABETALOGICA
260
_b
SPRINGER
_c
2016
300
_a
514-1068
_c
4-6
440
_v
53
999
_c
1145020
_d
1145020